000 00900nas a2200313 4500
001 BR2010003952
003 BR-BrBNA
005 20231205114642.0
007 ta
008 230509b bl.|||p| |||| 00| 00por d
040 _aBR-BrBNA
_bpor
_cBiblioteca Nacional de Agricultura
041 _a(Pt)
072 _aF30
100 1 _aSera, G.H.
100 1 _aSera, T.
100 1 _aIto, D.S.
100 1 _aMata, J.S. da
100 1 _aDoi, D.S.
100 1 _aAzevedo, J.A. de
100 1 _aRibeiro Filho, C.
245 1 _aProgênies de coffea arabica cv IPR-100 resistentes ao nematóide Meloidogyne paranaensis
650 _aCAFÉ
650 _aPROGÊNIE
650 _aNEMATÓIDE
650 _aVARIEDADE RESISTENTE
773 0 _tBragantia (Brazil)
_xISSN 0006-8705
_g(Jan-Mar 2007), v. 66(1) p. 43-49
_wBR2010003952
909 _a202311
_bLúcia
_c55
_dLúcia Elande
942 _2AGRIS
_n0
_cANA
999 _c209769
_d209769